00402nam a22001457a 450000500170000000800410001704100130005808200130007110000130008424500310009725000190012826000580014730000250020565000260023020240624083702.0240624b |||||||| |||| 00| 0 eng d aEnglish  a349 HAL  lEnglish  aHalsbury's Laws of England aThird Edition  aLondon: bButterworth and Co. Publishers Ltd, c1952  b799 pages; c25 cm.  aLegal practice bLaw